| 000 | 00671nam a2200241 a 4500 | ||
|---|---|---|---|
| 001 | 000028768 | ||
| 003 | DO-SdBNP | ||
| 005 | 20171024122917.0 | ||
| 008 | 110412s2008 dr 000 f spa d | ||
| 020 | _a9789945429121 | ||
| 040 |
_aBNPHU _bspa _cBNPHU |
||
| 049 | _a | ||
| 092 |
_axxx _bP438g |
||
| 100 | 1 | _aPérez de la Iglesia, Janina | |
| 245 | 1 | 0 |
_aGatos en el tejado / _cJanina Pérez de la Iglesia. |
| 260 |
_aSanto Domingo : _bAlfaguara, _b _c2008. |
||
| 300 |
_a332 p. ; _c22 cm. |
||
| 490 | 1 |
_aAlfaguara _aroja |
|
| 830 | 0 |
_aAlfaguara _pRoja |
|
| 942 |
_2ddc _cBK |
||
| 945 | _aInventariado / 2017 VM | ||
| 956 |
_aVMATEO _b10 _c20170301 _lBPMSU _h0069 |
||
| 999 |
_c12566 _d12566 |
||